| 000 | 01272cam a2200241 a 4500 | ||
|---|---|---|---|
| 999 |
_c3709 _d3709 |
||
| 001 | (Sirsi) a948719 | ||
| 003 | OSt | ||
| 005 | 20240926151258.0 | ||
| 008 | 120430r20122003enk e 000 1 eng | ||
| 020 |
_a9780099572831 _q(pbk.) |
||
| 040 |
_aStDuBDS _beng _cStDuBDS _dTAE _dKH8 |
||
| 042 | _anbic | ||
| 082 | 0 | _aFIC HAD | |
| 100 | 1 |
_aHaddon, Mark, _d1962- _eauthor. |
|
| 245 | 1 | 4 |
_aThe curious incident of the dog in the night-time / _cMark Haddon. |
| 260 |
_aLondon : _bVintage Classic, _c2012. |
||
| 300 |
_a271 p. ; _c19 cm. |
||
| 500 | _aOriginally published: London: Jonathan Cape, 2003. | ||
| 520 | _aLots of things are mysteries. But that doesn't mean there isn't an answer to them'. This is Christopher's murder mystery story. There are also no lies in this story because Christopher can't tell lies. Christopher does not like strangers or the colours yellow or brown or being touched. On the other hand, he knows all the countries in the world and their capital cities and every prime number up to 7507. When Christopher decides to find out who killed the neighbour's dog, his mystery story becomes more complicated than he could have ever predicted. | ||
| 650 | 0 |
_aAsperger's syndrome _xPatients _vFiction. |
|
| 650 | 0 |
_aPuzzles _vFiction. |
|
| 942 |
_2ddc _cFIC |
||